| 000 | 00625ngm a2200181 a 4500 | ||
|---|---|---|---|
| 005 | 20240823063722.0 | ||
| 008 | 991125s1990 ea 015 aaspa u | ||
| 035 | _aUPN01000006876 | ||
| 049 | _aAV | ||
| 099 | _aPVI N 0378 | ||
| 245 | 0 | 0 | _aCarteles. |
| 260 |
_aCalifornia [E.U.A.] : _bAIMS MEDIA, _c[1990?]. |
||
| 300 |
_a1 videocasete (VHS) (15 min.) : _bson., col. |
||
| 520 | _aSe dan a conocer las bases fundamentales para crear carteles, aplicando los principios de diseño así como la utilización de materiales diversos | ||
| 650 | 4 |
_aCarteles _97712 |
|
| 650 | 4 |
_aDISEÑO DE CARTELES _97724 |
|
| 905 | _aAudiovisuales | ||
| 999 |
_c6876 _d6876 |
||